| 000 | 00468 a2200169 4500 | ||
|---|---|---|---|
| 999 |
_c1362 _d1362 |
||
| 020 | _a9780077386436 | ||
| 050 | _aHF 5415 GRE 2009 | ||
| 100 |
_aGrewal, Dhruv _eAuthor |
||
| 245 |
_aMarketing/ _cDhruv Grewal and Michael Levy |
||
| 250 | _a2nd ed. | ||
| 264 |
_aNew York: _bMcGraw-Hill/Irwin, _c2011 |
||
| 300 |
_a422p.: _bill.(col.) |
||
| 500 | _aincludes index | ||
| 650 | _aMarketing | ||
| 700 |
_aLevy, Michael _ejoint author |
||
| 942 |
_2lcc _cBK _e2nd _h5415 _iGRE _kHF |
||